000 01386nam a2200373 a 4500
001 vtls000277621
003 NLI
005 20210602123735.0
008 101203s1972 enka 001 0 eng
020 _a0289702690 :
_cPND 3.80
039 9 _y201012031810
_zVLOAD
040 0 _aNLI
_beng
_cVERGIS-2010
_eAACR2
041 1 _aeng
_hspa
044 _aenk
082 0 4 _a759.6
100 1 _aOrtega y Gasset, José,
_d1883-1955
_9171639
240 1 0 _aSelected works.
_lEnglish
245 1 0 _aVelazquez, Goya and The dehumanization of art /
_ctranslated [from the Spanish] by Alexis Brown; with an introduction by Philip Troutman ; edited by Christine Bernard
260 _aLondon :
_bStudio Vista,
_c1972
300 _a142 p. :
_bill. ;
_c25 cm.
500 _aTranslation of: Selected works
504 _aIncludes bibliographical references and index
600 1 0 _aVelazquez, Diego,
_d1599-1660
_9422862
600 1 0 _aGoya, Francisco,
_d1746-1828
_9265150
650 0 _aArt
_xPhilosophy
700 1 _aBrown, Alexis,
_4trl
_9422863
700 1 _aBernard, Christine,
_4edt
_9422864
887 _a
901 _a410201
_b31.05.1974
902 _aE/O 759.6 Or 8
949 _AVIRTUAITEM
_D10000
_X100
_6PUR000410201ENG
942 _2ddc
_cBKS
999 _aVIRTUA40
_c233644
_d233644
999 _aVTLSSORT0080*0200*0400*0410*0440*0820*1000*2400*2450*2600*3000*5000*5040*6000*6001*6500*7000*7001*9010*9020*9490*9991